000 01556nam0a22002531 4500
001 rc\4616875
005 20260407183855.0
021 _aRU
_b[61-34932]
035 _a(NLR Aleph) 008672795
090 _a9130377
_c9130377
100 _a20130416d1961 |||y0rusy50 ca
101 0 _arus
102 _aRU
105 _ay z |||||
200 1 _aРешение Научно-технического совещание по вопросам перевода на повышенное напряжение электрических сетей и потребителей электроэнергии. [28-30 марта 1961 г.]
_fГос. науч.-техн. ком. Совета Министров СССР. Гос. науч.-техн. ком. Совета Министров УССР. Киевское правл. Науч.-техн. о-ва энергопром-сти. Выставка передового опыта в нар. хозяйстве УССР
210 _aКиев
_cБ. и.
_d1961
215 _a8 с.
_d19
606 _aЭлектрические сети
_xПеревод на повышенное напряжение
_2psbo
710 1 2 _aНаучно-техническое совещание по вопросам перевода на повышенное напряжение электрических сетей и потребителей электроэнергии
_f1961
_eКиев
_3RU\NLR\AUTH\8810119626
_9737810
801 0 _aRU
_bNLR
_gpsbo
801 1 _aRU
_bELAR
_2rusmarc
852 _aNLR
_j61-4/7860
942 _cBOOK
980 _aNB